00402nam a2200145Ia 4500008004100000100002100041245004800062245001900110260002000129260000900149300001400158440002000172650002800192650003600220190912s9999 xx 000 0 und d aLeyco, Chino S.  aNational ID to pilot test in three regions/ cChino S. Leyco bManila Bulletin c2018 aAugust 21 aManila Bulletin aAdministrative agencies aPhilippine Statistics Authority